000 00461nam a2200181Ia 4500
001 13251
005 20260306163040.0
008 260306t2009||||xx |||||||||||||| ||spa||
041 _aESP
082 _a001.42
_bG84
100 _aGuadarrama González, Pablo
_eAUT
245 0 _aDirección y asesoría de la investigación científica
260 _c2009
300 _a238 páginas :
_c24 cm.
650 _aGEN
654 _aCHU
942 _cLIB
_dJUS
_fJUS
_2ddc
_n
999 _c13251
_d13251